| 000 | 00633nam a2200229Ia 4500 | ||
|---|---|---|---|
| 005 | 20250923145711.0 | ||
| 008 | 008 250917s9999 xx 000 0 eng d | ||
| 037 | _aTextual | ||
| 040 |
_aDSWL _beng _cDSWL |
||
| 041 |
_aeng _2eng |
||
| 084 |
_azGx, N68.1 _qDSWL |
||
| 100 |
_aDesai, M.H. _9838098 |
||
| 245 | 0 |
_aDay-to-Day with Gandhi ( Nov.1917 to March 1919 ) _c by M.H.Desai |
|
| 250 | _a1st | ||
| 260 |
_aVaranasi _bSatva Seva Sangh Prak. _c1968 |
||
| 300 | _axiv,400 p. | ||
| 365 |
_aINR _b22.50 |
||
| 490 | _vVol. I | ||
| 925 | _g22.50 | ||
| 942 |
_cTEXL _hzGx, N68.1 |
||
| 999 |
_c1454527 _d1454527 |
||